| 000 | 00579cam a2200217ua 4500 | ||
|---|---|---|---|
| 020 | _cRs 30.00 | ||
| 041 |
_aeng _h |
||
| 082 |
_a631.8 _bPAS/FE |
||
| 100 | _aPasricha, N S. | ||
| 245 |
_aFertilizer-use research in oilseed pulse crops in India / _cN S Pasricha. _hTextual Documents |
||
| 250 |
_a1 / _b. |
||
| 260 |
_aNew Delhi : _bIndian Agricultural Research Institute , _c1991. |
||
| 300 | _a99 ; . | ||
| 365 | _aRs 30.00 | ||
| 504 | _a | ||
| 700 | 1 | _aAulaksh, M S. | |
| 700 | 1 | _aBahl, G S. | |
| 700 | 1 | _aDhillou, K S. | |
| 942 | _cBK | ||
| 999 |
_c347 _d347 |
||